[Event "British Columbia-ch U20"]
[Site "Richmond CAN"]
[Date "2016.11.12"]
[Round "2.5"]
[White "Huang, Patrick"]
[Black "Zheng, Victor"]
[Result "1-0"]
[WhiteElo "1977"]
[BlackElo "1822"]
[PlyCount "111"]
[EventDate "2016.11.11"]
[EventType "swiss"]
[EventRounds "5"]
[EventCountry "CAN"]

1. e4 c5 2. Nf3 d6 3. d4 cxd4 4. Nxd4 Nf6 5. Nc3 a6 6. Be2 e5 7. Nb3 Be7 8. Be3
Be6 9. O-O Nbd7 10. f4 b5 11. f5 Bc4 12. Bxc4 bxc4 13. Nd2 Rc8 14. Qe2 Qc7 15.
Rf3 d5 16. exd5 Nb6 17. Bxb6 Qxb6+ 18. Kh1 Qd4 19. Re1 O-O 20. Nde4 Nxd5 21.
Nxd5 Qxd5 22. f6 gxf6 23. Rh3 Rfd8 24. Qg4+ Kf8 25. Rxh7 Bb4 26. Qg7+ Ke7 27.
Qxf6+ Ke8 28. c3 Be7 29. Qf3 Rc6 30. Rh8+ Bf8 31. Nf6+ Rxf6 32. Qxf6 Kd7 33.
Rh7 Kc8 34. Rxf7 Bc5 35. h3 Rg8 36. Qf3 Qxf3 37. Rxf3 Re8 38. Re4 Kb8 39. Rf1
Ba7 40. Rfe1 Bf2 41. Rxe5 Rd8 42. Re8 Kc7 43. Rxd8 Bxe1 44. Rd4 Kb6 45. Rxc4 a5
46. b3 Kb5 47. g4 a4 48. Rxa4 Bxc3 49. g5 Bg7 50. h4 Kc5 51. h5 Kd6 52. h6 Be5
53. g6 Ke7 54. Re4 Kf8 55. Rxe5 Kg8 56. Re8# 1-0

[Event "British Columbia-ch U20"]
[Site "Richmond CAN"]
[Date "2016.11.12"]
[Round "2.6"]
[White "Gu, Chuyang"]
[Black "Zhu, Brandon"]
[Result "0-1"]
[WhiteElo "1751"]
[BlackElo "1849"]
[PlyCount "90"]
[EventDate "2016.11.11"]
[EventType "swiss"]
[EventRounds "5"]
[EventCountry "CAN"]

1. e4 d6 2. d4 Nf6 3. Nc3 e5 4. Nf3 Nbd7 5. Bc4 Be7 6. O-O O-O 7. Re1 a6 8. a4
b6 9. Ne2 Bb7 10. Ng3 exd4 11. Nxd4 Ne5 12. Bf1 g6 13. f4 Nc6 14. Nxc6 Bxc6 15.
f5 Nd7 16. Bh6 Re8 17. fxg6 hxg6 18. Qg4 Ne5 19. Qh3 Bd7 20. Nf5 gxf5 21. exf5
Bf6 22. Qg3+ Kh7 23. Qh3 Bxf5 24. Qxf5+ Kxh6 25. Re3 Kg7 26. g4 Qd7 27. Rxe5
Qxf5 28. Rxf5 Bxb2 29. Rd1 Re5 30. Bc4 Rxf5 31. gxf5 Kf6 32. Rf1 c6 33. Rb1 Be5
34. h3 b5 35. axb5 axb5 36. Bb3 Rg8+ 37. Kf2 Rg5 38. Ke2 Rg2+ 39. Kd3 Rg3+ 40.
Kd2 Rxh3 41. Rg1 c5 42. Bd5 Rh2+ 43. Kc1 Rf2 44. Rh1 Rxf5 45. Rh7 Bf4+ 0-1

[Event "British Columbia-ch U20"]
[Site "Richmond CAN"]
[Date "2016.11.12"]
[Round "3.1"]
[White "Doknjas, John"]
[Black "Wu, Lucian"]
[Result "1-0"]
[WhiteElo "2282"]
[BlackElo "1497"]
[PlyCount "129"]
[EventDate "2016.11.11"]
[EventType "swiss"]
[EventRounds "5"]
[EventCountry "CAN"]

1. d4 Nf6 2. c4 g6 3. Nc3 Bg7 4. e4 d6 5. Nf3 O-O 6. h3 Nc6 7. d5 Nb8 8. Bg5
Nbd7 9. Be2 Nc5 10. Nd2 a5 11. O-O c6 12. Rb1 Bd7 13. Re1 Qc7 14. Kh1 cxd5 15.
cxd5 Rab8 16. a4 Rfc8 17. Bf1 Qb6 18. Nb5 Na6 19. Be3 Qd8 20. Na7 Nb4 21. Nxc8
Rxc8 22. Nc4 Qe8 23. Nb6 Rc2 24. Nxd7 Qxd7 25. Bd3 Rc8 26. Bb5 Qd8 27. Bd2 Nc2
28. Re2 Nd4 29. Bxa5 Qxa5 30. Qxd4 Nh5 31. Qd2 Qd8 32. Rc1 Be5 33. Rxc8 Qxc8
34. Qc2 Qd8 35. g3 Qf8 36. Kg2 f5 37. exf5 gxf5 38. Rxe5 dxe5 39. Qe2 Qf7 40.
Qxe5 Qf6 41. Qxf6 Nxf6 42. Kf3 Nxd5 43. Bc4 e6 44. Bxd5 exd5 45. b4 Kf7 46. a5
Ke6 47. b5 Kd6 48. a6 bxa6 49. bxa6 Kc6 50. Ke3 Kb6 51. Kd4 Kxa6 52. Kxd5 Kb6
53. Ke5 Kc6 54. Kxf5 Kd5 55. Kg5 Ke5 56. Kh6 Kf5 57. f4 Kf6 58. g4 Kf7 59. Kxh7
Kf8 60. g5 Kf7 61. f5 Kf8 62. f6 Kf7 63. h4 Kf8 64. g6 Ke8 65. g7 1-0

[Event "British Columbia-ch U20"]
[Site "Richmond CAN"]
[Date "2016.11.12"]
[Round "3.2"]
[White "Su, Michael"]
[Black "Doknjas, Joshua"]
[Result "0-1"]
[WhiteElo "1972"]
[BlackElo "2236"]
[PlyCount "110"]
[EventDate "2016.11.11"]
[EventType "swiss"]
[EventRounds "5"]
[EventCountry "CAN"]

1. d4 d5 2. Nf3 Nf6 3. e3 c5 4. b3 cxd4 5. exd4 g6 6. Bd3 Bg7 7. O-O Nc6 8. Bb2
O-O 9. Nbd2 Nh5 10. Ne5 Nf4 11. Bb5 Qb6 12. Bxc6 bxc6 13. Ba3 Re8 14. Bc5 Qc7
15. Re1 Ne6 16. b4 Nxc5 17. bxc5 f6 18. Nd3 e5 19. c3 Bf5 20. Nc1 Bh6 21. Ncb3
Be6 22. Nf3 e4 23. Nfd2 f5 24. Nf1 f4 25. Qc2 Qd7 26. Nbd2 Bg4 27. c4 e3 28.
fxe3 fxe3 29. Nb3 e2 30. Ng3 Be3+ 31. Kh1 Bf2 32. Nxe2 Bxe1 33. Rxe1 Qf7 34.
Kg1 Rf8 35. Ng3 dxc4 36. Na5 Rae8 37. Rf1 Qd5 38. Qxc4 Rxf1+ 39. Nxf1 Qxc4 40.
Nxc4 Re2 41. Ne5 Be6 42. Ng3 Rd2 43. Nxc6 Bd7 44. Nxa7 Rxd4 45. c6 Be6 46. c7
Rc4 47. Nb5 Bd7 48. Nd6 Rxc7 49. Nge4 Kg7 50. a3 Ra7 51. Nc4 Be6 52. Ned6 Ra6
53. Kf2 Rc6 54. Ne8+ Kf8 55. Ncd6 Ke7 0-1

[Event "British Columbia-ch U20"]
[Site "Richmond CAN"]
[Date "2016.11.12"]
[Round "3.3"]
[White "Doknjas, Neil"]
[Black "Tian, Sherry"]
[Result "1-0"]
[WhiteElo "1862"]
[BlackElo "1494"]
[PlyCount "129"]
[EventDate "2016.11.11"]
[EventType "swiss"]
[EventRounds "5"]
[EventCountry "CAN"]

1. e4 e6 2. d4 d5 3. Nc3 dxe4 4. Nxe4 Nf6 5. Bg5 Nbd7 6. Nf3 h6 7. Bxf6 Nxf6 8.
Nxf6+ Qxf6 9. Bd3 Bd6 10. c3 O-O 11. O-O c5 12. dxc5 Bxc5 13. Qe2 Bd7 14. Qe4
g6 15. Qxb7 Rfd8 16. Qe4 Rac8 17. Ne5 Qe7 18. Kh1 Bd6 19. f4 Rc5 20. Qe3 Bxe5
21. fxe5 Bc6 22. Rf6 Rxd3 23. Qxd3 Rxe5 24. Rf2 Qh4 25. Qd4 Qxd4 26. cxd4 Rd5
27. Raf1 f5 28. Rd2 e5 29. Rc1 Rd6 30. d5 Rxd5 31. Rxd5 Bxd5 32. Rc5 Bxa2 33.
Rxe5 a6 34. Rc5 Kf7 35. Rc6 a5 36. Ra6 Bb3 37. Rxa5 Kf6 38. Rb5 Bc4 39. Rc5 Bb3
40. Rc3 Bd5 41. b4 Ke5 42. b5 Kd6 43. b6 Bc6 44. Kg1 h5 45. Kf2 g5 46. h3 f4
47. g3 f3 48. Rxf3 Kc5 49. Rf5+ Kxb6 50. Rxg5 Be8 51. Re5 Bf7 52. Re7 Bg8 53.
g4 hxg4 54. hxg4 Kc6 55. Kg3 Kd6 56. Re1 Be6 57. Kh4 Ke7 58. Kg5 Kf7 59. Rxe6
Kxe6 60. Kg6 Ke7 61. g5 Kf8 62. Kh7 Kf7 63. g6+ Kf6 64. g7 Kf7 65. g8=Q+ 1-0

[Event "British Columbia-ch U20"]
[Site "Richmond CAN"]
[Date "2016.11.12"]
[Round "3.4"]
[White "Hemstapat, Andrew"]
[Black "Qu, Leo"]
[Result "1/2-1/2"]
[WhiteElo "2020"]
[BlackElo "1846"]
[PlyCount "68"]
[EventDate "2016.11.11"]
[EventType "swiss"]
[EventRounds "5"]
[EventCountry "CAN"]

1. e4 d6 2. d4 Nf6 3. Nc3 Nbd7 4. Nf3 e5 5. Bc4 Be7 6. Ng5 Nb6 7. Bxf7+ Kf8 8.
dxe5 dxe5 9. Qxd8+ Bxd8 10. Bb3 Ke7 11. Be3 Nbd7 12. Ne6 g6 13. Bg5 c6 14.
O-O-O h6 15. Bh4 g5 16. Bg3 Nh5 17. Rd3 Nf4 18. Bxf4 exf4 19. Nxd8 Rxd8 20.
Rhd1 Rh8 21. Rd6 Ne5 22. Ne2 Bd7 23. f3 Rad8 24. c3 Bc8 25. Rxd8 Rxd8 26. Rxd8
Kxd8 27. Kc2 c5 28. Bd5 b6 29. c4 Ba6 30. b3 b5 31. Kc3 b4+ 32. Kc2 Ke7 33. Nc1
Kd6 34. Kb2 Bc8 1/2-1/2

[Event "British Columbia-ch U20"]
[Site "Richmond CAN"]
[Date "2016.11.12"]
[Round "3.5"]
[White "Leong, Ryan"]
[Black "Huang, Patrick"]
[Result "0-1"]
[WhiteElo "1615"]
[BlackElo "1977"]
[PlyCount "74"]
[EventDate "2016.11.11"]
[EventType "swiss"]
[EventRounds "5"]
[EventCountry "CAN"]

1. Nf3 c5 2. g3 Nc6 3. Bg2 g6 4. O-O Bg7 5. d3 e5 6. e4 Nge7 7. Nc3 O-O 8. Be3
d6 9. Nh4 f5 10. f4 Be6 11. a3 Rb8 12. Qd2 Qd7 13. Rab1 a5 14. Nf3 Kh8 15. Ng5
Bg8 16. h4 h6 17. Nh3 Kh7 18. Kh2 Nd4 19. b4 cxb4 20. axb4 axb4 21. Rxb4 Nec6
22. Rb6 Rfc8 23. Rfb1 exf4 24. Nxf4 Ne5 25. Bxd4 Ng4+ 26. Kh1 Bxd4 27. Ncd5
Bxd5 28. Nxd5 Bxb6 29. Nxb6 Qc7 30. Nxc8 Qxc8 31. h5 Qe8 32. exf5 gxf5 33. Qf4
Qxh5+ 34. Kg1 Re8 35. Rxb7+ Kg8 36. Qc4+ Kf8 37. Qc6 Re1+ 0-1

[Event "British Columbia-ch U20"]
[Site "Richmond CAN"]
[Date "2016.11.12"]
[Round "3.6"]
[White "Zhu, Brandon"]
[Black "Chung, Alec"]
[Result "1-0"]
[WhiteElo "1849"]
[BlackElo "1702"]
[PlyCount "67"]
[EventDate "2016.11.11"]
[EventType "swiss"]
[EventRounds "5"]
[EventCountry "CAN"]

1. c4 Nf6 2. d4 g6 3. Nc3 d5 4. Bg5 Ne4 5. cxd5 Nxc3 6. bxc3 Qxd5 7. Nf3 Bg7 8.
Qb3 Be6 9. Qxd5 Bxd5 10. e3 c5 11. Bb5+ Nc6 12. O-O h6 13. Bh4 g5 14. Bg3 cxd4
15. cxd4 O-O 16. h4 g4 17. Nd2 a6 18. Bd3 Be6 19. a4 Rfd8 20. Rfb1 Rd7 21. Ne4
Nxd4 22. exd4 Rxd4 23. Nc5 Rd5 24. Nxe6 fxe6 25. Ra3 Rad8 26. Bc4 Rd2 27. Bxe6+
Kh8 28. Bxg4 Rc2 29. Rxb7 Bd4 30. Rxe7 Bc5 31. Be5+ Kg8 32. Rg7+ Kh8 33. Rg5+
Kh7 34. Bf5# 1-0

[Event "British Columbia-ch U20"]
[Site "Richmond CAN"]
[Date "2016.11.12"]
[Round "3.7"]
[White "Pulfer, Luke"]
[Black "Zheng, Victor"]
[Result "0-1"]
[WhiteElo "2047"]
[BlackElo "1822"]
[PlyCount "100"]
[EventDate "2016.11.11"]
[EventType "swiss"]
[EventRounds "5"]
[EventCountry "CAN"]

1. d4 Nf6 2. c4 g6 3. f3 Bg7 4. e4 d6 5. Nc3 O-O 6. Be3 c5 7. Nge2 Nc6 8. d5
Ne5 9. Ng3 h5 10. Be2 h4 11. Nf1 a6 12. Qd2 e6 13. Bg5 h3 14. g4 Qc7 15. Ng3
Rb8 16. Bh6 exd5 17. Bxg7 Kxg7 18. g5 Nh7 19. Nxd5 Qd8 20. f4 Nc6 21. Rg1 Be6
22. Nf6 Qa5 23. Nxh7 Qxd2+ 24. Kxd2 Kxh7 25. f5 Bd7 26. Bg4 Ne5 27. Be2 b5 28.
cxb5 Bxb5 29. b3 a5 30. Ke3 a4 31. bxa4 Bxe2 32. Nxe2 Rb4 33. Nc3 Rb2 34. Ne2
gxf5 35. exf5 Re8 36. Nf4 Ng4+ 37. Kf3 Nxh2+ 38. Kg3 Re3+ 39. Kh4 Nf3+ 40. Kh5
Nxg1 41. Rxg1 h2 42. g6+ fxg6+ 43. fxg6+ Kg8 44. Rf1 Rf3 45. Re1 Rxf4 46. Re8+
Rf8 47. Re1 c4 48. Kh6 Rg2 49. Rh1 c3 50. g7 Rf6+ 0-1

[Event "British Columbia-ch U20"]
[Site "Richmond CAN"]
[Date "2016.11.12"]
[Round "3.8"]
[White "Wan, Justin"]
[Black "Gu, Chuyang"]
[Result "0-1"]
[WhiteElo "1546"]
[BlackElo "1751"]
[PlyCount "98"]
[EventDate "2016.11.11"]
[EventType "swiss"]
[EventRounds "5"]
[EventCountry "CAN"]

1. e4 c5 2. Nf3 d6 3. Bb5+ Nd7 4. O-O a6 5. Be2 Ngf6 6. Nc3 g6 7. d3 Bg7 8. Be3
O-O 9. Qd2 Ng4 10. Rab1 Nxe3 11. fxe3 b5 12. d4 Bb7 13. Bd3 Qb6 14. e5 dxe5 15.
dxe5 Nxe5 16. Kh1 Nxf3 17. gxf3 Rad8 18. Qf2 c4 19. Be4 Bxe4 20. Nxe4 Bh6 21.
Rbe1 f5 22. Nc3 Bg7 23. Rd1 e6 24. Qe2 b4 25. Rxd8 Rxd8 26. Nd1 c3 27. bxc3
bxc3 28. Qc4 Rd7 29. Nf2 Rc7 30. Qh4 Rc8 31. e4 Qb5 32. Re1 Qa4 33. Qe7 Re8 34.
Qc7 Qxc2 35. Qd7 Rf8 36. Qxe6+ Kh8 37. Nh3 Qd3 38. Kg2 Qd2+ 39. Kf1 c2 40. Qc4
Bc3 41. Ng5 Qxe1+ 42. Kg2 Qd2+ 43. Kh3 c1=Q 44. Nf7+ Kg7 45. Ng5 Qxg5 46. Qxa6
Qh5+ 47. Kg3 Qe1+ 48. Kg2 Qg5+ 49. Kh3 Qeh4# 0-1

[Event "British Columbia-ch U20"]
[Site "Richmond CAN"]
[Date "2016.11.13"]
[Round "4.1"]
[White "Doknjas, Joshua"]
[Black "Doknjas, John"]
[Result "1/2-1/2"]
[WhiteElo "2236"]
[BlackElo "2282"]
[PlyCount "69"]
[EventDate "2016.11.11"]
[EventType "swiss"]
[EventRounds "5"]
[EventCountry "CAN"]

1. e4 c5 2. Nf3 d6 3. d4 cxd4 4. Nxd4 Nf6 5. Nc3 a6 6. h3 e6 7. g4 Be7 8. g5
Nfd7 9. Be3 b5 10. a3 Bb7 11. h4 O-O 12. Qd2 d5 13. exd5 Nb6 14. Rh2 Nxd5 15.
Nxd5 Bxd5 16. O-O-O Qc7 17. f4 Be4 18. Bg2 Qb7 19. f5 Rd8 20. Qe2 exf5 21. Nxf5
Rxd1+ 22. Qxd1 Bxg2 23. Rxg2 Nc6 24. Qd5 Rc8 25. g6 hxg6 26. Rxg6 Bf8 27. h5
Nd8 28. Qxb7 Nxb7 29. Nh6+ Kh7 30. Nxf7 Nc5 31. Bxc5 Bxc5 32. Rxa6 Be3+ 33. Kb1
Rc5 34. Re6 Bf4 35. b4 1/2-1/2

[Event "British Columbia-ch U20"]
[Site "Richmond CAN"]
[Date "2016.11.13"]
[Round "4.2"]
[White "Wu, Lucian"]
[Black "Doknjas, Neil"]
[Result "0-1"]
[WhiteElo "1497"]
[BlackElo "1862"]
[PlyCount "94"]
[EventDate "2016.11.11"]
[EventType "swiss"]
[EventRounds "5"]
[EventCountry "CAN"]

1. d4 d5 2. c4 e6 3. Nc3 Nf6 4. Nf3 Be7 5. Bf4 O-O 6. e3 c5 7. Be2 Nc6 8. O-O
b6 9. cxd5 exd5 10. Bb5 Bb7 11. Rc1 Rc8 12. Ne5 Nxe5 13. Bxe5 c4 14. Ba4 a6 15.
Bc2 b5 16. Bf5 Ra8 17. Qc2 g6 18. Bh3 Ne4 19. f3 Ng5 20. Kh1 Nxh3 21. gxh3 Qd7
22. Qg2 Bc8 23. Rg1 b4 24. Ne2 Qxh3 25. Ng3 Qxg2+ 26. Rxg2 f6 27. Bf4 Kf7 28.
e4 Bb7 29. e5 g5 30. exf6 Bxf6 31. Bd6 Rfe8 32. Bxb4 Bxd4 33. Rd1 Be5 34. Nf5
d4 35. Nxd4 Bxd4 36. Rxd4 Bxf3 37. Bc3 Re2 38. Rdg4 Rd8 39. h3 Rxg2 40. Rxg2
Rd3 41. Kh2 Bxg2 42. Kxg2 h5 43. a3 Ke6 44. Ba5 Kf5 45. Be1 g4 46. hxg4+ hxg4
47. Bf2 Rd2 0-1

[Event "British Columbia-ch U20"]
[Site "Richmond CAN"]
[Date "2016.11.13"]
[Round "4.3"]
[White "Huang, Patrick"]
[Black "Zhu, Brandon"]
[Result "0-1"]
[WhiteElo "1977"]
[BlackElo "1849"]
[PlyCount "56"]
[EventDate "2016.11.11"]
[EventType "swiss"]
[EventRounds "5"]
[EventCountry "CAN"]

1. e4 e5 2. d4 exd4 3. Nf3 Nc6 4. Bc4 Nf6 5. O-O Nxe4 6. Re1 d5 7. Bxd5 Qxd5 8.
Nc3 Qd7 9. Nxe4 Be7 10. Bg5 O-O 11. Bxe7 Qxe7 12. Nxd4 Bd7 13. Nb3 Rad8 14.
Nec5 Be6 15. Qf3 Nd4 16. Qc3 Qh4 17. Nxb7 Rd5 18. N7c5 Bf5 19. Nxd4 Rxd4 20.
Re3 g6 21. g3 Qd8 22. Rae1 Qd5 23. Re8 Bh3 24. f3 Qc4 25. Qe3 Rd8 26. Ne4 Qxc2
27. Rxf8+ Rxf8 28. Qc3 Qg2# 0-1

[Event "British Columbia-ch U20"]
[Site "Richmond CAN"]
[Date "2016.11.13"]
[Round "4.4"]
[White "Zheng, Victor"]
[Black "Hemstapat, Andrew"]
[Result "0-1"]
[WhiteElo "1822"]
[BlackElo "2020"]
[PlyCount "104"]
[EventDate "2016.11.11"]
[EventType "swiss"]
[EventRounds "5"]
[EventCountry "CAN"]

1. Nf3 f5 2. c4 Nf6 3. Nc3 d6 4. d4 e6 5. e3 g6 6. Bd3 Nc6 7. Qc2 e5 8. dxe5
dxe5 9. e4 f4 10. a3 Be6 11. b3 Bg4 12. Ne2 a5 13. Bb2 Bxf3 14. gxf3 Bc5 15.
Rf1 Qd6 16. O-O-O Bxa3 17. c5 Qxc5 18. Qxc5 Bxc5 19. Nxf4 Ke7 20. Ne2 Rhf8 21.
Bb5 Nd7 22. Rd3 Bd6 23. Rfd1 Nb4 24. R3d2 Nc5 25. Bc4 Rxf3 26. Nc3 Raf8 27. Nb5
Nxe4 28. Re2 Nxf2 29. Bxe5 Bxe5 30. Rxe5+ Kf6 31. Re6+ Kg5 32. Rg1+ Kh6 33. Kb2
Nfd3+ 34. Bxd3 Nxd3+ 35. Kc2 Nb4+ 36. Kd2 Rxb3 37. Nxc7 Rf2+ 38. Re2 Rb2+ 39.
Kc3 Rfxe2 40. Nb5 Nd5+ 41. Kc4 Nb6+ 42. Kc5 Na4+ 43. Kc4 Rb4+ 44. Kd3 Rxh2 45.
Nd6 Rh3+ 46. Kc2 Rb2+ 47. Kc1 Ra3 48. Rh1+ Kg7 49. Ne8+ Kh8 50. Rxh7+ Kxh7 51.
Nf6+ Kh8 52. Ne4 Ra1# 0-1

[Event "British Columbia-ch U20"]
[Site "Richmond CAN"]
[Date "2016.11.13"]
[Round "4.5"]
[White "Qu, Leo"]
[Black "Su, Michael"]
[Result "1/2-1/2"]
[WhiteElo "1846"]
[BlackElo "1972"]
[PlyCount "114"]
[EventDate "2016.11.11"]
[EventType "swiss"]
[EventRounds "5"]
[EventCountry "CAN"]

1. d4 e6 2. c4 f5 3. g3 Nf6 4. Nc3 Bb4 5. Qc2 O-O 6. Nf3 d6 7. Bg2 Qe7 8. O-O
Bxc3 9. Qxc3 Nc6 10. b4 e5 11. b5 Ne4 12. Qb2 Nxd4 13. Nxd4 exd4 14. Qxd4 Qf6
15. Bb2 Qxd4 16. Bxd4 Be6 17. Rfc1 a6 18. a4 c5 19. bxc6 bxc6 20. Bxe4 fxe4 21.
c5 d5 22. Rab1 Bg4 23. Kf1 Rf7 24. Rb6 Bd7 25. Rcb1 a5 26. Ke1 h5 27. h4 Kh7
28. Rb7 Be8 29. Rxf7 Bxf7 30. Rb6 Ra7 31. Kd2 Be8 32. Ke3 Kh6 33. Kf4 Rf7+ 34.
Ke5 Rf6 35. Ra6 Bd7 36. Rxa5 Bg4 37. Be3+ Kg6 38. Ra7 Re6+ 39. Kd4 Bxe2 40. Rd7
Ba6 41. Kc3 Bc8 42. Rc7 Ba6 43. Bd4 Bc4 44. Rxg7+ Kh6 45. Rc7 Kg6 46. Kb4 Kf5
47. Rg7 Rg6 48. Rxg6 Kxg6 49. Kc3 Kf5 50. Kd2 Kg4 51. Ke3 Bb3 52. a5 Bc4 53.
Be5 Bb5 54. Bf4 Ba6 55. Kd4 Kf5 56. Bg5 Bb5 57. Ke3 Kg4 1/2-1/2

[Event "British Columbia-ch U20"]
[Site "Richmond CAN"]
[Date "2016.11.13"]
[Round "4.6"]
[White "Tian, Sherry"]
[Black "Chung, Alec"]
[Result "1/2-1/2"]
[WhiteElo "1494"]
[BlackElo "1702"]
[PlyCount "47"]
[EventDate "2016.11.11"]
[EventType "swiss"]
[EventRounds "5"]
[EventCountry "CAN"]

1. d4 Nf6 2. Nf3 g6 3. c4 Bg7 4. Nc3 d5 5. cxd5 Nxd5 6. e4 Nxc3 7. bxc3 c5 8.
Be3 O-O 9. Be2 Nc6 10. O-O Qa5 11. Qb3 Bg4 12. Rfd1 Rad8 13. e5 Qb6 14. Qxb6
axb6 15. Rab1 Rd7 16. Rxb6 Rfd8 17. h3 cxd4 18. cxd4 Bxf3 19. Bxf3 Nxd4 20.
Rxd4 Rxd4 21. Bxd4 Rxd4 22. Rxb7 Bxe5 23. Rxe7 Bd6 24. Re1 1/2-1/2

[Event "British Columbia-ch U20"]
[Site "Richmond CAN"]
[Date "2016.11.13"]
[Round "4.7"]
[White "Gu, Chuyang"]
[Black "Leong, Ryan"]
[Result "0-1"]
[WhiteElo "1751"]
[BlackElo "1615"]
[PlyCount "148"]
[EventDate "2016.11.11"]
[EventType "swiss"]
[EventRounds "5"]
[EventCountry "CAN"]

1. e4 c5 2. Nf3 d6 3. d4 cxd4 4. Nxd4 Nf6 5. Nc3 a6 6. Bg5 Nbd7 7. f4 Qc7 8.
Qf3 b5 9. O-O-O Bb7 10. Bd3 e6 11. g4 b4 12. Nce2 Be7 13. Bxf6 Nxf6 14. g5 Nd7
15. h4 Rc8 16. Kb1 d5 17. exd5 Bxd5 18. Be4 Bxe4 19. Qxe4 O-O 20. Nxe6 Nc5 21.
Nxc5 Bxc5 22. Nc1 Rfe8 23. Qf5 g6 24. Qd5 Be3 25. Qb3 Bxf4 26. Rhe1 a5 27. Rg1
Re3 28. Rd3 Re5 29. Rf3 Bxc1 30. Rxc1 Re2 31. c3 Qb7 32. Rcf1 Qe4+ 33. Kc1 Re1+
34. Rxe1 Qxe1+ 35. Qd1 Qxh4 36. Qd5 Qc4 37. Qxa5 Qc6 38. Rd3 Qh1+ 39. Rd1 Qa8
40. Qxa8 Rxa8 41. Kb1 bxc3 42. bxc3 Ra5 43. Rg1 Kg7 44. Kb2 f6 45. gxf6+ Kxf6
46. Kb3 h5 47. Rh1 Ke6 48. a4 Kd6 49. Kb4 Rf5 50. Rh4 Kc6 51. a5 Rg5 52. c4 Rg1
53. Kc3 Ra1 54. Kb4 Rb1+ 55. Kc3 Ra1 56. Re4 Kd6 57. Kb4 Rb1+ 58. Kc3 Rb8 59.
Rf4 Ke5 60. Rd4 g5 61. Rd5+ Kf4 62. a6 Ra8 63. Ra5 h4 64. Kd4 h3 65. Kc5 h2 66.
Ra1 Rxa6 67. Rh1 Rh6 68. Kd5 g4 69. c5 g3 70. Rf1+ Kg4 71. c6 Rxc6 72. Kxc6 g2
73. Ra1 g1=Q 74. Rxg1+ hxg1=Q 0-1

[Event "British Columbia-ch U20"]
[Site "Richmond CAN"]
[Date "2016.11.13"]
[Round "4.8"]
[White "Pulfer, Luke"]
[Black "Wan, Justin"]
[Result "1-0"]
[WhiteElo "2047"]
[BlackElo "1546"]
[PlyCount "129"]
[EventDate "2016.11.11"]
[EventType "swiss"]
[EventRounds "5"]
[EventCountry "CAN"]

1. d4 d5 2. c4 c6 3. Nc3 Nf6 4. Nf3 e6 5. Bg5 Nbd7 6. e3 Be7 7. Bd3 dxc4 8.
Bxc4 b5 9. Bd3 Bb7 10. a3 a5 11. O-O O-O 12. e4 b4 13. Na4 c5 14. e5 Nd5 15.
Bxe7 Qxe7 16. Nxc5 Nxc5 17. dxc5 Qxc5 18. Bxh7+ Kh8 19. Rc1 Qe7 20. Bb1 Nf4 21.
Rc4 Rad8 22. Qc2 Ng6 23. Nh4 Qg5 24. Nxg6+ fxg6 25. Qxg6 Qxg6 26. Bxg6 Ba6 27.
Rh4+ Kg8 28. Rb1 Rd2 29. f3 Re2 30. Rd1 Rc8 31. axb4 Rxb2 32. bxa5 Ra2 33. Rh7
Re2 34. h3 Rxe5 35. Rd7 Rxa5 36. Rdxg7+ Kf8 37. Rf7+ Kg8 38. Rhg7+ Kh8 39. Kh2
Bf1 40. Be4 Ra2 41. Rg5 Rxg2+ 42. Rxg2 Bxg2 43. Kxg2 Re8 44. Kg3 Kg8 45. Bg6
Rd8 46. Re7 Rf8 47. Re8 Rxe8 48. Bxe8 Kg7 49. Kg4 Kf8 50. Bd7 Kf7 51. h4 e5 52.
h5 Kg7 53. Be8 Kh6 54. Kf5 Kh7 55. Kxe5 Kh8 56. f4 Kg8 57. Bg6 Kg7 58. f5 Kg8
59. f6 Kf8 60. f7 Kg7 61. h6+ Kf8 62. h7 Kg7 63. h8=Q+ Kxg6 64. f8=R Kg5 65.
Rg8# 1-0

[Event "British Columbia-ch U20"]
[Site "Richmond CAN"]
[Date "2016.11.13"]
[Round "5.1"]
[White "Doknjas, Neil"]
[Black "Doknjas, John"]
[Result "1/2-1/2"]
[WhiteElo "1862"]
[BlackElo "2282"]
[PlyCount "26"]
[EventDate "2016.11.11"]
[EventType "swiss"]
[EventRounds "5"]
[EventCountry "CAN"]

1. e4 c5 2. Nf3 d6 3. d4 cxd4 4. Nxd4 Nf6 5. Nc3 a6 6. f3 e5 7. Nb3 Be6 8. Be3
Be7 9. Qd2 O-O 10. O-O-O a5 11. Bb5 Na6 12. g4 Nc7 13. Ba4 b5 1/2-1/2

[Event "British Columbia-ch U20"]
[Site "Richmond CAN"]
[Date "2016.11.13"]
[Round "5.2"]
[White "Zhu, Brandon"]
[Black "Doknjas, Joshua"]
[Result "1-0"]
[WhiteElo "1849"]
[BlackElo "2236"]
[PlyCount "93"]
[EventDate "2016.11.11"]
[EventType "swiss"]
[EventRounds "5"]
[EventCountry "CAN"]

1. c4 c5 2. g3 g6 3. Bg2 Bg7 4. Nc3 Nc6 5. Nf3 e5 6. d3 d6 7. O-O Nge7 8. Bg5
f6 9. Bd2 Be6 10. a3 O-O 11. Rb1 a5 12. Qc2 Rc8 13. e3 b6 14. Rfe1 Qd7 15. Na4
Rb8 16. b4 axb4 17. axb4 b5 18. cxb5 Nxb4 19. Bxb4 cxb4 20. Rxb4 Nd5 21. Rb2
Rxb5 22. Rxb5 Qxb5 23. Qc4 Qd7 24. Nxe5 dxe5 25. Nc5 Nxe3 26. fxe3 Bxc4 27.
Nxd7 Bxd3 28. Nxf8 Bxf8 29. Bd5+ Kg7 30. Rc1 h5 31. h4 Bf5 32. Rc7+ Kh6 33. Kf2
Bg4 34. Rf7 Bg7 35. e4 Bh3 36. Bc6 Bg4 37. Bd7 Bxd7 38. Rxd7 g5 39. Rd6 gxh4
40. gxh4 Kg6 41. Rd1 Bh6 42. Kf3 f5 43. Rd6+ Kg7 44. exf5 Bf4 45. Ke4 Kf7 46.
Rd7+ Kg8 47. f6 1-0

[Event "British Columbia-ch U20"]
[Site "Richmond CAN"]
[Date "2016.11.13"]
[Round "5.3"]
[White "Hemstapat, Andrew"]
[Black "Huang, Patrick"]
[Result "1-0"]
[WhiteElo "2020"]
[BlackElo "1977"]
[PlyCount "151"]
[EventDate "2016.11.11"]
[EventType "swiss"]
[EventRounds "5"]
[EventCountry "CAN"]

1. e4 c5 2. Nf3 d6 3. d4 cxd4 4. Nxd4 Nf6 5. Nc3 a6 6. Bg5 e6 7. f4 Be7 8. Qf3
h6 9. Bh4 Qc7 10. O-O-O Nbd7 11. Bf2 b5 12. a3 Bb7 13. Bd3 Rc8 14. Rhe1 Nc5 15.
Kb1 Qa5 16. g4 b4 17. axb4 Qxb4 18. g5 hxg5 19. fxg5 Nfd7 20. Qe3 Nxd3 21. Rxd3
Ne5 22. Na2 Qc5 23. Rc3 Nc4 24. Qd3 e5 25. b4 Qc7 26. Nf3 Rh3 27. Bg3 a5 28. b5
Qc5 29. Ka1 Qxb5 30. Rb1 Qc6 31. Rxb7 Qxb7 32. Rxc4 Rb8 33. Qb3 Qxb3 34. cxb3
Rxb3 35. Nc3 Rh5 36. Ka2 Rb4 37. Rc8+ Kd7 38. Ra8 Bxg5 39. Ra7+ Ke6 40. Rxa5
Be3 41. Ra8 g5 42. Re8+ Kd7 43. Rf8 Ke7 44. Rg8 Ke6 45. Ka3 Bc5 46. Nxg5+ Kd7
47. Ka2 f6 48. Rg7+ Kc6 49. Ne6 Rh8 50. Rc7+ Kb6 51. Nd5+ Kb5 52. Nxb4 Kxb4 53.
Nxc5 dxc5 54. Kb2 Kc4 55. Rc6 Kd4 56. Rxf6 Kxe4 57. Rf1 Rh5 58. Kc3 Kd5 59.
Rd1+ Kc6 60. Kd3 Kd5 61. Ke3+ Ke6 62. Rd8 Rg5 63. Kd3 Rf5 64. Ke4 Rh5 65. Re8+
Kf6 66. Rxe5 Rh8 67. Rxc5 Kg6 68. Rc6+ Kh7 69. Kf5 Rf8+ 70. Kg5 Ra8 71. Rc7+
Kg8 72. h4 Ra5+ 73. Kg4 Ra4+ 74. Bf4 Ra1 75. Kf5 Rh1 76. Kg6 1-0

[Event "British Columbia-ch U20"]
[Site "Richmond CAN"]
[Date "2016.11.13"]
[Round "5.4"]
[White "Su, Michael"]
[Black "Wu, Lucian"]
[Result "1-0"]
[WhiteElo "1972"]
[BlackElo "1497"]
[PlyCount "100"]
[EventDate "2016.11.11"]
[EventType "swiss"]
[EventRounds "5"]
[EventCountry "CAN"]

1. d4 Nf6 2. c4 g6 3. Nc3 Bg7 4. e4 d6 5. f3 O-O 6. Be3 Nc6 7. Qd2 a6 8. Nge2
Rb8 9. Rc1 Bd7 10. g3 b5 11. cxb5 axb5 12. Bg2 b4 13. Nd1 Ra8 14. b3 Qb8 15.
O-O Ra6 16. Rc2 Qa8 17. Nc1 Rb8 18. Nb2 Ne8 19. f4 Rc8 20. e5 Qb8 21. Nbd3 Qb5
22. Bxc6 Rxc6 23. Rxc6 Bxc6 24. Nxb4 Be4 25. a4 Qb7 26. Nba2 Rd8 27. Qf2 Ra8
28. Nc3 Bf5 29. Qf3 Qc8 30. Nd5 Qd7 31. Nxe7+ Qxe7 32. Qxa8 dxe5 33. dxe5 Bf8
34. Qf3 c5 35. g4 Bd7 36. Nd3 c4 37. bxc4 Bxa4 38. Bc5 Qc7 39. Bxf8 Kxf8 40.
Qd5 Kg7 41. e6 Qb6+ 42. c5 Qxe6 43. Qxe6 fxe6 44. Ne5 Nf6 45. Ra1 Bc2 46. Ra7+
Kf8 47. Rf7+ Ke8 48. Rxf6 Kd8 49. Rxe6 Kc7 50. Re7+ Kc8 1-0